000 00801nam a22002057a 4500
999 _c1554
_d1554
003 AR-CdUCM
008 190227b ||||| |||| 00| 0 spa d
040 _aMUNICIPALIDAD PROVINCIAL DEL CUSCO
_cBIBLIOTECA MUNICIPAL DEL CUSCO
082 _a384.23 /
_bA11
100 _aAbanto Vasquez, Manuel
_95836
245 _aEl derecho de la libre competencia /
260 _aPerú :
_bEdit. San Marcos,
_c1997
300 _a714 paginas ;
_c21 cm.
505 _aLa protección de la competencia --Fundamentos teóricos del derecho de la libre competencia --Cuestiones particulares en la represión de las practicas restrictivas de la competencia ...
650 _aSistema peruano
_95837
650 _aLegilaciones
_95838
650 _aLibre comercio
_95839
942 _2ddc
_cLIBROS
945 _arjall
_d2019-02-27